Fyzika I : Základný kurz pre poslucháčov Strojníckej fakulty

Gespeichert in:
Bibliographische Detailangaben
Hauptverfasser: Petráš, Jozef (Verfasst von), Beňa, Ján (Verfasst von), Panáková , Viera (Verfasst von), Szivós, Jozef (Verfasst von), Griačová, Eva (Verfasst von)
Format: Buch
Sprache:Slowakisch
Veröffentlicht: Bratislava : STU v Bratislave, 1991
Ausgabe:4.vyd.
Schlagworte:
Tags: Tag hinzufügen
Keine Tags, Fügen Sie das erste Tag hinzu!

MARC

LEADER 00000nam a22000003a 4500
001 stu31335
005 20150617225656.2
008 931021s1991----xo------------------slo-d
020 |a 80-227-0392-3 
040 |a STU  |b slo 
041 0 |a slo 
044 |a xo 
080 |a 53  |7 stu_us_auth*stu7966 
100 1 |a Petráš, Jozef  |4 aut 
245 1 |a Fyzika I :  |b Základný kurz pre poslucháčov Strojníckej fakulty 
250 |a 4.vyd. 
260 |a Bratislava :  |b STU v Bratislave,  |c 1991 
300 |a 287 s 
650 7 |a fyzika  |2 stusub 
700 1 |a Beňa, Ján  |4 aut 
700 1 |a Panáková , Viera  |4 aut 
700 1 |a Szivós, Jozef  |4 aut 
700 1 |a Griačová, Eva  |4 aut 
996 |b 284J030582  |c J*87862  |l JJST  |s P  |a 0  |w stu31335_0001